|
|
|
|
| LEADER |
00000nam0a2200000 4500 |
| 001 |
4971 |
| 005 |
20231030175321.0 |
| 010 |
|
|
|a 5713307980
|
| 035 |
|
|
|a (RuTPU)RU\TPU\book\4997
|
| 035 |
|
|
|a BOOK00005034
|
| 090 |
|
|
|a 4971
|
| 100 |
|
|
|a 20011209d1997 km y0rusy50 ca
|
| 101 |
0 |
|
|a rus
|
| 102 |
|
|
|a RU
|
| 105 |
|
|
|a y z 000zy
|
| 200 |
1 |
|
|a Правила рынка
|e иностранные инвестиции; внешняя торговля; трудовая миграция; конкурентоспособность; дипломатия; помощь
|
| 210 |
|
|
|a Москва
|c Международные отношения
|d 1997
|
| 215 |
|
|
|a 351 с.
|
| 610 |
1 |
|
|a экономика
|
| 610 |
1 |
|
|a рынок
|
| 610 |
1 |
|
|a рыночная экономика
|
| 610 |
1 |
|
|a иностранные инвестиции
|
| 610 |
1 |
|
|a внешняя торговля
|
| 610 |
1 |
|
|a трудовая миграция
|
| 610 |
1 |
|
|a конкурентоспособность
|
| 686 |
|
|
|a У011.31
|v LBC/SL-A
|2 rubbk
|
| 801 |
|
0 |
|a RU
|b 63413507
|c 20011209
|g PSBO
|
| 801 |
|
2 |
|a RU
|b 63413507
|c 20170614
|g PSBO
|
| 942 |
|
|
|c BK
|